Heidi /
La tía Dete deja a Heidi en la casa de su abuelo, un viejo solitario a quien la niña no conoce y a quien la gente teme. Sin embargo, lejos de asustarse o de pasarla mal, ella es feliz en las montañas, junto a su nuevo amigo Pedro y a Copito de Nieve y Blanquita, sus cabras preferidas. Hasta que Dete...
Guardado en:
| Autor Principal: | |
|---|---|
| Otros Autores: | , |
| Formato: | Libro |
| Idioma: | Undetermined |
| Publicado: |
Buenos Aires :
Letra impresa,
2017.
|
| Edición: | 1a ed. |
| Series: | La puerta secreta ;
32 |
| Materias: | |
| Etiquetas: |
Agregar Etiqueta
Sin Etiquetas, Sea el primero en etiquetar este registro!
|
| LEADER | 01345nam a22002295a 4500 | ||
|---|---|---|---|
| 001 | CEM.cems021260 | ||
| 008 | 240627s2017####ag############000#0#und#d | ||
| 005 | 20240627154631.0 | ||
| 245 | 1 | 0 | |a Heidi / |c Johanna Spyri ; adaptado por Carolina Fernández ; ilustrado por Maine Díaz. |
| 250 | |a 1a ed. | ||
| 260 | |a Buenos Aires : |b Letra impresa, |c 2017. | ||
| 300 | |a 152 p. | ||
| 490 | 1 | |a La puerta secreta ; |v 32 | |
| 520 | |a La tía Dete deja a Heidi en la casa de su abuelo, un viejo solitario a quien la niña no conoce y a quien la gente teme. Sin embargo, lejos de asustarse o de pasarla mal, ella es feliz en las montañas, junto a su nuevo amigo Pedro y a Copito de Nieve y Blanquita, sus cabras preferidas. Hasta que Dete vuelve, decidida a llevarla a la ciudad. Desde ese momento, todo cambiará en la vida de la nena. Pero no se asusten, porque esta hermosa novela tiene un final muy, muy feliz. Acompañen a Heidi en sus aventuras, conozcan al abuelito, a Pedro, a muchos otros personajes, y disfruten de una historia que jamás olvidarán. | ||
| 020 | |a 9789871565924 | ||
| 100 | 1 | |a Spyri, Johanna. | |
| 700 | 1 | |a Fernández, Carolina; adapt. | |
| 700 | 1 | |a Díaz, Maine; il. | |
| 653 | |a Novela juvenil | ||
| 653 | |a Literatura suiza | ||
| 653 | |a Literatura juvenil | ||
| 859 | |a CEMS |b BIB. CEMS - Inicial y Primaria |h 833.31 |i Sp99-1 |k IP |p 6834 |t Ej.1 | ||
